|
|
|
|
| LEADER |
007160000a22001810004500 |
| 020 |
|
|
|a 81-86366-48-2
|
| 082 |
|
|
|a 581.634 STE
|
| 100 |
|
|
|a STEC
|9 133723
|
| 245 |
|
|
|a Medicinal plants of Kerala: Conservation and benification, compendium of 17th Kerala science congress
|
| 260 |
|
|
|a Trivandrum, Kerala State Council for Science, technology and Environment
|
| 260 |
|
|
|c 2005
|
| 650 |
|
|
|a Ayurvedic Medicinal Plants
|9 139622
|
| 650 |
|
|
|a Herbal Bio Valley
|9 139623
|
| 650 |
|
|
|a Kerala Medicinal plants
|9 139624
|
| 650 |
|
|
|a medicinal plants Kerala
|9 139625
|
| 942 |
|
|
|c BK
|
| 999 |
|
|
|c 178183
|d 178179
|
| 952 |
|
|
|0 0
|1 0
|4 0
|6 581_634000000000000_STE
|7 0
|9 176637
|a SES
|b SES
|d 2019-05-16
|l 0
|o 581.634 STE
|p SES02013
|r 2019-05-16
|w 2019-05-16
|y BK
|